000 00998nam a22003257a 4500
001 BR2014000119
003 BR-BrBNA
005 20230928104341.0
007 ta
008 230509b bl.||||| |||| 00| 0 por d
040 _aBR-BrBNA
_bpor
_cBiblioteca Nacional de Agricultura
041 _a(Por)
072 _aP10
_b0331
090 _ 0331 BR2014000119
100 1 _aCarvalho, M.Z.
110 1 _aUniversidade Federal de Lavras, MG (Brasil)
_0Tese (Mestrado)
245 1 _aAproveitamento do resíduo sólido de mamona proveniente da cadeia produtiva do biodiesel como adsorvente alternativo
260 3 _aLavras, MG (Brasil):
_c2013.
300 _a89 p.
500 _aSummaries (Eng, Por); Bibliography p. 79-89; 24 illus.; 13 tables
650 _aMAMONA
650 _aTORTA
650 _aRESÍDUO SÓLIDO
650 _aBIOCOMBUSTÍVEL
650 _aÁGUA
650 _aCONTAMINAÇÃO
650 _aTRATAMENTO DA ÁGUA
909 _a202309
_bLucia
_c55
_dLucia Elande
942 _cBK
999 _c79442
_d79442